| 000 | 00796nam a2200265Ia 4500 | ||
|---|---|---|---|
| 001 | 21657 | ||
| 005 | 20260320113302.0 | ||
| 008 | 260320s9999||||xx |||||||||||||| ||und|| | ||
| 020 | _a9788448641238 | ||
| 041 | _aESP | ||
| 082 |
_a616.89 _bB38 V. 2 |
||
| 100 |
_aBelloch, Amparo, _eCOR |
||
| 245 | 0 |
_aManual de psicopatología _b |
|
| 246 |
_a _5 _b |
||
| 250 | _aCuarta edición | ||
| 260 |
_aMadrid : _bMcGraw Hill, _c2024 |
||
| 300 |
_axiii, 640 páginas : _btablas ; _c27 cm. _e |
||
| 440 |
_a _n _v |
||
| 650 | _aTCA | ||
| 653 | _aPsicopatología | ||
| 654 | _aCCS | ||
| 700 |
_aSandín, Bonifacio; Ramos, Francisco, _cAUT |
||
| 856 |
_uhttps://accessmedicina-mhmedical-com.ucsp.lookproxy.com/ _zVéase además: Base de datos McGraw Hill Access Medicina |
||
| 942 |
_cLIB _dJUS _fMIP _2ddc _n |
||
| 999 |
_c21657 _d21657 |
||